<?xml version="1.0" encoding="UTF-8"?>
<collection xmlns="http://www.loc.gov/MARC21/slim">
<record>
  <controlfield tag="001">365290</controlfield>
  <controlfield tag="005">20260303232712.0</controlfield>
  <datafield tag="024" ind1="7" ind2=" ">
    <subfield code="a">10.1103/nsd5-nxdp</subfield>
    <subfield code="2">doi</subfield>
  </datafield>
  <datafield tag="024" ind1="7" ind2=" ">
    <subfield code="a">2470-0010</subfield>
    <subfield code="2">ISSN</subfield>
  </datafield>
  <datafield tag="024" ind1="7" ind2=" ">
    <subfield code="a">2470-0037</subfield>
    <subfield code="2">ISSN</subfield>
  </datafield>
  <datafield tag="024" ind1="7" ind2=" ">
    <subfield code="a">2470-0029</subfield>
    <subfield code="2">ISSN</subfield>
  </datafield>
  <datafield tag="024" ind1="7" ind2=" ">
    <subfield code="a">10.15120/GSI-2026-00381</subfield>
    <subfield code="2">datacite_doi</subfield>
  </datafield>
  <datafield tag="037" ind1=" " ind2=" ">
    <subfield code="a">GSI-2026-00381</subfield>
  </datafield>
  <datafield tag="082" ind1=" " ind2=" ">
    <subfield code="a">530</subfield>
  </datafield>
  <datafield tag="100" ind1="1" ind2=" ">
    <subfield code="a">Zorbach, Niklas</subfield>
    <subfield code="0">0000-0002-8434-5641</subfield>
    <subfield code="b">0</subfield>
    <subfield code="e">Corresponding author</subfield>
  </datafield>
  <datafield tag="245" ind1=" " ind2=" ">
    <subfield code="a">Lattice Monte Carlo meets the lattice functional renormalization group: A quantitative comparison</subfield>
  </datafield>
  <datafield tag="260" ind1=" " ind2=" ">
    <subfield code="a">Ridge, NY</subfield>
    <subfield code="c">2025</subfield>
    <subfield code="b">American Physical Society</subfield>
  </datafield>
  <datafield tag="336" ind1="7" ind2=" ">
    <subfield code="a">article</subfield>
    <subfield code="2">DRIVER</subfield>
  </datafield>
  <datafield tag="336" ind1="7" ind2=" ">
    <subfield code="a">Output Types/Journal article</subfield>
    <subfield code="2">DataCite</subfield>
  </datafield>
  <datafield tag="336" ind1="7" ind2=" ">
    <subfield code="a">Journal Article</subfield>
    <subfield code="b">journal</subfield>
    <subfield code="m">journal</subfield>
    <subfield code="0">PUB:(DE-HGF)16</subfield>
    <subfield code="s">1769697368_1288364</subfield>
    <subfield code="2">PUB:(DE-HGF)</subfield>
  </datafield>
  <datafield tag="336" ind1="7" ind2=" ">
    <subfield code="a">ARTICLE</subfield>
    <subfield code="2">BibTeX</subfield>
  </datafield>
  <datafield tag="336" ind1="7" ind2=" ">
    <subfield code="a">JOURNAL_ARTICLE</subfield>
    <subfield code="2">ORCID</subfield>
  </datafield>
  <datafield tag="336" ind1="7" ind2=" ">
    <subfield code="a">Journal Article</subfield>
    <subfield code="0">0</subfield>
    <subfield code="2">EndNote</subfield>
  </datafield>
  <datafield tag="500" ind1=" " ind2=" ">
    <subfield code="a"> Published by the American Physical Society under the terms of the Creative Commons Attribution 4.0 International license</subfield>
  </datafield>
  <datafield tag="536" ind1=" " ind2=" ">
    <subfield code="a">612 - Cosmic Matter in the Laboratory (POF4-612)</subfield>
    <subfield code="0">G:(DE-HGF)POF4-612</subfield>
    <subfield code="c">POF4-612</subfield>
    <subfield code="f">POF IV</subfield>
    <subfield code="x">0</subfield>
  </datafield>
  <datafield tag="536" ind1=" " ind2=" ">
    <subfield code="a">Physics of hot and dense matter - Theory  (HFHF project) (I:(DE-Ds200)HFHF-HI-Th)</subfield>
    <subfield code="0">I:(DE-Ds200)HFHF-HI-Th</subfield>
    <subfield code="c">I:(DE-Ds200)HFHF-HI-Th</subfield>
    <subfield code="x">1</subfield>
  </datafield>
  <datafield tag="536" ind1=" " ind2=" ">
    <subfield code="a">SUC-GSI-Darmstadt - Strategic university cooperation GSI-TU Darmstadt (SUC-GSI-DA)</subfield>
    <subfield code="0">G:(DE-Ds200)SUC-GSI-DA</subfield>
    <subfield code="c">SUC-GSI-DA</subfield>
    <subfield code="x">2</subfield>
  </datafield>
  <datafield tag="536" ind1=" " ind2=" ">
    <subfield code="a">DFG project G:(GEPRIS)315477589 - TRR 211: Stark wechselwirkende Materie unter extremen Bedingungen (315477589)</subfield>
    <subfield code="0">G:(GEPRIS)315477589</subfield>
    <subfield code="c">315477589</subfield>
    <subfield code="x">3</subfield>
  </datafield>
  <datafield tag="536" ind1=" " ind2=" ">
    <subfield code="a">ElementsHessen - ELEMENTS : Exploring the Universe from microscopic to macroscopic scales (ELEMENTS cluster project) (ElementsHessen)</subfield>
    <subfield code="0">G:(DE-Ds200)ElementsHessen</subfield>
    <subfield code="c">ElementsHessen</subfield>
    <subfield code="x">4</subfield>
  </datafield>
  <datafield tag="588" ind1=" " ind2=" ">
    <subfield code="a">Dataset connected to CrossRef, Journals: repository.gsi.de</subfield>
  </datafield>
  <datafield tag="693" ind1=" " ind2=" ">
    <subfield code="a">theory</subfield>
    <subfield code="e">no experiment theory work (theory)</subfield>
    <subfield code="1">EXP:(DE-Ds200)theory-20200803</subfield>
    <subfield code="0">EXP:(DE-Ds200)no_experiment-20200803</subfield>
    <subfield code="5">EXP:(DE-Ds200)no_experiment-20200803</subfield>
    <subfield code="x">0</subfield>
  </datafield>
  <datafield tag="700" ind1="1" ind2=" ">
    <subfield code="a">Klinger, Jan Philipp</subfield>
    <subfield code="0">0000-0002-8626-6322</subfield>
    <subfield code="b">1</subfield>
    <subfield code="e">Corresponding author</subfield>
  </datafield>
  <datafield tag="700" ind1="1" ind2=" ">
    <subfield code="a">Philipsen, Owe</subfield>
    <subfield code="0">0000-0003-2046-7292</subfield>
    <subfield code="b">2</subfield>
    <subfield code="e">Corresponding author</subfield>
  </datafield>
  <datafield tag="700" ind1="1" ind2=" ">
    <subfield code="a">Braun, Jens</subfield>
    <subfield code="0">0000-0003-4655-9072</subfield>
    <subfield code="b">3</subfield>
    <subfield code="e">Corresponding author</subfield>
  </datafield>
  <datafield tag="773" ind1=" " ind2=" ">
    <subfield code="a">10.1103/nsd5-nxdp</subfield>
    <subfield code="g">Vol. 112, no. 7, p. 076036</subfield>
    <subfield code="0">PERI:(DE-600)2844732-3</subfield>
    <subfield code="n">7</subfield>
    <subfield code="p">076036</subfield>
    <subfield code="t">Physical review / D</subfield>
    <subfield code="v">112</subfield>
    <subfield code="y">2025</subfield>
    <subfield code="x">2470-0010</subfield>
  </datafield>
  <datafield tag="856" ind1="4" ind2=" ">
    <subfield code="y">OpenAccess</subfield>
    <subfield code="u">http://repository.gsi.de/record/365290/files/nsd5-nxdp.pdf</subfield>
  </datafield>
  <datafield tag="856" ind1="4" ind2=" ">
    <subfield code="y">OpenAccess</subfield>
    <subfield code="x">pdfa</subfield>
    <subfield code="u">http://repository.gsi.de/record/365290/files/nsd5-nxdp.pdf?subformat=pdfa</subfield>
  </datafield>
  <datafield tag="909" ind1="C" ind2="O">
    <subfield code="o">oai:repository.gsi.de:365290</subfield>
    <subfield code="p">openaire</subfield>
    <subfield code="p">open_access</subfield>
    <subfield code="p">driver</subfield>
    <subfield code="p">VDB</subfield>
    <subfield code="p">openCost</subfield>
    <subfield code="p">dnbdelivery</subfield>
  </datafield>
  <datafield tag="910" ind1="1" ind2=" ">
    <subfield code="a">GSI Helmholtzzentrum für Schwerionenforschung GmbH</subfield>
    <subfield code="0">I:(DE-Ds200)20121206GSI</subfield>
    <subfield code="k">GSI</subfield>
    <subfield code="b">3</subfield>
    <subfield code="6">0000-0003-4655-9072</subfield>
  </datafield>
  <datafield tag="913" ind1="1" ind2=" ">
    <subfield code="a">DE-HGF</subfield>
    <subfield code="b">Forschungsbereich Materie</subfield>
    <subfield code="l">Matter and the Universe</subfield>
    <subfield code="1">G:(DE-HGF)POF4-610</subfield>
    <subfield code="0">G:(DE-HGF)POF4-612</subfield>
    <subfield code="3">G:(DE-HGF)POF4</subfield>
    <subfield code="2">G:(DE-HGF)POF4-600</subfield>
    <subfield code="4">G:(DE-HGF)POF</subfield>
    <subfield code="v">Cosmic Matter in the Laboratory</subfield>
    <subfield code="x">0</subfield>
  </datafield>
  <datafield tag="914" ind1="1" ind2=" ">
    <subfield code="y">2025</subfield>
  </datafield>
  <datafield tag="915" ind1=" " ind2=" ">
    <subfield code="a">DBCoverage</subfield>
    <subfield code="0">StatID:(DE-HGF)0200</subfield>
    <subfield code="2">StatID</subfield>
    <subfield code="b">SCOPUS</subfield>
    <subfield code="d">2024-12-10</subfield>
  </datafield>
  <datafield tag="915" ind1=" " ind2=" ">
    <subfield code="a">DBCoverage</subfield>
    <subfield code="0">StatID:(DE-HGF)0160</subfield>
    <subfield code="2">StatID</subfield>
    <subfield code="b">Essential Science Indicators</subfield>
    <subfield code="d">2024-12-10</subfield>
  </datafield>
  <datafield tag="915" ind1=" " ind2=" ">
    <subfield code="a">DBCoverage</subfield>
    <subfield code="0">StatID:(DE-HGF)1230</subfield>
    <subfield code="2">StatID</subfield>
    <subfield code="b">Current Contents - Electronics and Telecommunications Collection</subfield>
    <subfield code="d">2024-12-10</subfield>
  </datafield>
  <datafield tag="915" ind1=" " ind2=" ">
    <subfield code="a">Creative Commons Attribution CC BY 4.0</subfield>
    <subfield code="0">LIC:(DE-HGF)CCBY4</subfield>
    <subfield code="2">HGFVOC</subfield>
  </datafield>
  <datafield tag="915" ind1=" " ind2=" ">
    <subfield code="a">DBCoverage</subfield>
    <subfield code="0">StatID:(DE-HGF)0600</subfield>
    <subfield code="2">StatID</subfield>
    <subfield code="b">Ebsco Academic Search</subfield>
    <subfield code="d">2024-12-10</subfield>
  </datafield>
  <datafield tag="915" ind1=" " ind2=" ">
    <subfield code="a">JCR</subfield>
    <subfield code="0">StatID:(DE-HGF)0100</subfield>
    <subfield code="2">StatID</subfield>
    <subfield code="b">PHYS REV D : 2022</subfield>
    <subfield code="d">2024-12-10</subfield>
  </datafield>
  <datafield tag="915" ind1=" " ind2=" ">
    <subfield code="a">IF >= 5</subfield>
    <subfield code="0">StatID:(DE-HGF)9905</subfield>
    <subfield code="2">StatID</subfield>
    <subfield code="b">PHYS REV D : 2022</subfield>
    <subfield code="d">2024-12-10</subfield>
  </datafield>
  <datafield tag="915" ind1=" " ind2=" ">
    <subfield code="a">WoS</subfield>
    <subfield code="0">StatID:(DE-HGF)0113</subfield>
    <subfield code="2">StatID</subfield>
    <subfield code="b">Science Citation Index Expanded</subfield>
    <subfield code="d">2024-12-10</subfield>
  </datafield>
  <datafield tag="915" ind1=" " ind2=" ">
    <subfield code="a">DBCoverage</subfield>
    <subfield code="0">StatID:(DE-HGF)0150</subfield>
    <subfield code="2">StatID</subfield>
    <subfield code="b">Web of Science Core Collection</subfield>
    <subfield code="d">2024-12-10</subfield>
  </datafield>
  <datafield tag="915" ind1=" " ind2=" ">
    <subfield code="a">OpenAccess</subfield>
    <subfield code="0">StatID:(DE-HGF)0510</subfield>
    <subfield code="2">StatID</subfield>
  </datafield>
  <datafield tag="915" ind1=" " ind2=" ">
    <subfield code="a">DBCoverage</subfield>
    <subfield code="0">StatID:(DE-HGF)0571</subfield>
    <subfield code="2">StatID</subfield>
    <subfield code="b">SCOAP3 sponsored Journal</subfield>
    <subfield code="d">2024-12-10</subfield>
  </datafield>
  <datafield tag="915" ind1=" " ind2=" ">
    <subfield code="a">DBCoverage</subfield>
    <subfield code="0">StatID:(DE-HGF)1150</subfield>
    <subfield code="2">StatID</subfield>
    <subfield code="b">Current Contents - Physical, Chemical and Earth Sciences</subfield>
    <subfield code="d">2024-12-10</subfield>
  </datafield>
  <datafield tag="915" ind1=" " ind2=" ">
    <subfield code="a">No Peer Review</subfield>
    <subfield code="0">StatID:(DE-HGF)0020</subfield>
    <subfield code="2">StatID</subfield>
    <subfield code="b">ASC</subfield>
    <subfield code="d">2024-12-10</subfield>
  </datafield>
  <datafield tag="915" ind1=" " ind2=" ">
    <subfield code="a">DBCoverage</subfield>
    <subfield code="0">StatID:(DE-HGF)0300</subfield>
    <subfield code="2">StatID</subfield>
    <subfield code="b">Medline</subfield>
    <subfield code="d">2024-12-10</subfield>
  </datafield>
  <datafield tag="915" ind1=" " ind2=" ">
    <subfield code="a">DBCoverage</subfield>
    <subfield code="0">StatID:(DE-HGF)0199</subfield>
    <subfield code="2">StatID</subfield>
    <subfield code="b">Clarivate Analytics Master Journal List</subfield>
    <subfield code="d">2024-12-10</subfield>
  </datafield>
  <datafield tag="915" ind1=" " ind2=" ">
    <subfield code="a">SCOAP3</subfield>
    <subfield code="0">StatID:(DE-HGF)0570</subfield>
    <subfield code="2">StatID</subfield>
  </datafield>
  <datafield tag="915" ind1="p" ind2="c">
    <subfield code="a">APC keys set</subfield>
    <subfield code="2">APC</subfield>
    <subfield code="0">PC:(DE-HGF)0000</subfield>
  </datafield>
  <datafield tag="915" ind1="p" ind2="c">
    <subfield code="a">Local Funding</subfield>
    <subfield code="2">APC</subfield>
    <subfield code="0">PC:(DE-HGF)0001</subfield>
  </datafield>
  <datafield tag="915" ind1="p" ind2="c">
    <subfield code="a">DFG OA Publikationskosten</subfield>
    <subfield code="2">APC</subfield>
    <subfield code="0">PC:(DE-HGF)0002</subfield>
  </datafield>
  <datafield tag="915" ind1="p" ind2="c">
    <subfield code="a">External cost splitting</subfield>
    <subfield code="2">APC</subfield>
    <subfield code="0">PC:(DE-HGF)0004</subfield>
  </datafield>
  <datafield tag="915" ind1="p" ind2="c">
    <subfield code="a">TIB: American Physical Society 01.01.2025</subfield>
    <subfield code="2">APC</subfield>
    <subfield code="0">PC:(DE-HGF)0133</subfield>
  </datafield>
  <datafield tag="920" ind1="1" ind2=" ">
    <subfield code="0">I:(DE-Ds200)FHF-20200605OR451</subfield>
    <subfield code="k">FHF</subfield>
    <subfield code="l">Helmholtz ForschAkad Hess. f. FAIR, HFHF</subfield>
    <subfield code="x">0</subfield>
  </datafield>
  <datafield tag="980" ind1="1" ind2=" ">
    <subfield code="a">FullTexts</subfield>
  </datafield>
  <datafield tag="980" ind1=" " ind2=" ">
    <subfield code="a">journal</subfield>
  </datafield>
  <datafield tag="980" ind1=" " ind2=" ">
    <subfield code="a">VDB</subfield>
  </datafield>
  <datafield tag="980" ind1=" " ind2=" ">
    <subfield code="a">UNRESTRICTED</subfield>
  </datafield>
  <datafield tag="980" ind1=" " ind2=" ">
    <subfield code="a">I:(DE-Ds200)FHF-20200605OR451</subfield>
  </datafield>
  <datafield tag="980" ind1=" " ind2=" ">
    <subfield code="a">APC</subfield>
  </datafield>
</record>
</collection>